Babelfish Movies III Quiz Stats

 Plays Quiz Updated Nov 9, 2016

Challenge
Share
Tweet
Embed
Score 0/20 Timer 06:00
0 Plays Today
Hint Movie % Correct
Glacial PeriodIce Age
92.9%
My Honest LadyMy Fair Lady
92.4%
Frightful FilmScary Movie
88.7%
The Close Acquaintances of the Third FormClose Encounters of the Third Kind
86.2%
Legal Golden Hair Blue Eyes WomanLegally Blonde
78.3%
Fraud AirCon Air
73.8%
Madame and HoboLady and the Tramp
72.7%
The Club of the Small LunchThe Breakfast Club
68.6%
It Puts in Place the Saddle that it BurnsBlazing Saddles
65.4%
SeashoreThe Beach
60.3%
Hint Movie % Correct
The Intended for the Adolescents WolfTeen Wolf
44.5%
Float Young Lady DaisyDriving Miss Daisy
40.7%
Forehead/OutsideFace/Off
40.5%
Fracture of PointPoint Break
35.8%
The Congeniality of the Misalignment of AxesMiss Congeniality
35.3%
A Leader and a MisterAn Officer and a Gentleman
31.6%
Ugly AardwolfCoyote Ugly
13.7%
Water Bottle RosterThe Bucket List
10.3%
Bobbin of Infancy GardenKindergarten Cop
5.9%
The Compatriot Teases HolidayNational Lampoon's Vacation
3%

You're not logged in!

Compare scores with friends on all Sporcle quizzes.
OR
Log In

You Might Also Like...

Show Comments

Extras

Top Quizzes Today


Score Distribution

Your Account Isn't Verified!

In order to create a playlist on Sporcle, you need to verify the email address you used during registration. Go to your Sporcle Settings to finish the process.

Report this User

Report this user for behavior that violates our Community Guidelines.

Details: